00926nam a2200217 a 450000100100000000500170001000800410002702000180006804000250008608200150011110000270012624500530015326000350020630000360024150000740027750000760035150400320042795201130045995201190057299900170069100004548820201002052258.0150409s2014 dr a 000 0 spa d a9789945082074 aDO-SdBNPbspacBNPHU axxxxbxxxx1 aDuarte, Ángel97354013aLa biblia frente a la ciencia /cÁngel Duarte. aSanto Domingo :bs. n.,c2014. a183 p. :bil., retrs. ;c22 cm. aIncluye referencias bibliográficas y notas al pie de las páginas. aIncluye datos biográficos del autor en la solapa de la contracubierta aBibliografía : p. 181-182 0010718PDaPDbPDcHDd2015-04-09iLF1l0oxxxx xxxxp45488-10r2020-06-25w2020-06-25yLFPDZNo se presta 0010718PDaPDbPDcHDd2015-06-02iLF1l0oxxxx xxxxp45488-20r2020-06-25te. 2w2020-06-25yLFPDZNo se presta c44977d44977